000
00294nam a2200121Ia 4500
008
190216s9999||||xx |||||||||||||| ||und||
100
_a
Maron I A Andkopchenova N V
245
0
_a
Computational Mathematics
260
_b
Mir Pubs Moscow
300
_a
395p
650
_a
Mathematics
942
_c
BK
999
_c
30926
_d
30926